Metodología del lenguaje /

Guardado en:
Autor Principal: Marti Alpera, Félix
Formato: Libro
Publicado: Buenos Aires : Losada, 1961
Edición:5a. ed.
Materias:
Etiquetas: Agregar Etiqueta
Sin Etiquetas, Sea el primero en etiquetar este registro!
LEADER 00488nam a22001815a 4500
001 CEM.cems004181
005 20060216000000.0
008 130507s1961##################000#0#####d
003 CEMS
082 0 4 |a 372.6 
100 1 |a Marti Alpera, Félix 
245 1 0 |a Metodología del lenguaje / 
250 |a 5a. ed. 
260 |a Buenos Aires :  |b Losada,  |c 1961 
300 |a 114 p. 
653 |a Didactica del lenguaje 
653 |a Educacion 
859 |a CEMS  |b BIB. CEMS - 11 de abril  |h 372.6  |i M36a5  |p 3715.75  |t Ej.1